Enfoque agrícola: países en desarrollo y desarrollados /

Furkejuvvon:
Bibliográfalaš dieđut
Váldodahkki: Olson, Mancur
Materiálatiipa: Texto
Fáddágilkorat: Lasit fáddágilkoriid
Eai fáddágilkorat, Lasit vuosttaš fáddágilkora!

MARC

LEADER 00000 a a2200000 04500
001 15434
003
040
100 |a Olson, Mancur  
245 |a Enfoque agrícola:   |b países en desarrollo y desarrollados /  |c Mancur Olson 
773 |g volumen 3, número 2; páginas 10-15  
999 |c 30219  |d 30219 
773 0 |0 43139  |9 4622  |d Washington D.C.: Fundación de la Cámara Nacional, 1986-  |o MFN: 0666  |t Revista de Desarrollo Económico/